000 00841nam a2200253 a 4500
001 000004718
005 20200929151505.0
008 830831s1981 sp 000 f spa
020 _a847442240X
040 _aDO-SdBNP
_bspa
_cBNPHU
041 1 7 _aspa
_hfre
082 _a813.4
_bG139a
100 1 _aGaillard, Robert,
_d1909-1975.
_913739
240 1 0 _aCapitaine Le Fort II.
_lEspañol.
245 1 0 _aEl almirante de las islas : /
_cRobert Gaillard ; traducción, Antonio González-Valiente.
260 _aBarcelona :
_bA.T.E.,
_c1981.
300 _av. ;
_c20 cm.
500 _aLa biblioteca posee el tomo 6
505 0 _aV. 6 : Marías de las Islas
650 4 _aNovela estadounidense
_9262
650 4 _aLiteratura estadounidense
_ySIGLO XX
_96874
700 1 _aGonzález-Valiente, Antonio,
_etr.
_913740
740 2 _aMarías de las Islas
999 _c4524
_d4524